000 00564nam a22001817a 4500
005 20240209091043.0
008 240209b |||||||| |||| 00| 0 eng d
020 _a9780702198588
041 _aEnglish
082 _a340.1 BOT
100 _aBotha, C
_lEnglish
245 _aStatutory Interpretation : An introduction for Students /
_cBotha, C
250 _aFifth Edition
260 _aCape Town :
_bJuta and Company (Pty) Ltd,
_c2012
300 _bxv, 234 pages ;
_c25 cm.
650 _aLegal practice
_bLaw
942 _cBK
_6ALISON_BN_VRIES
999 _c1334
_d1334